Estatísticas para Passaportes por fotografia

Clique aqui para jogar o quiz

Estatísticas Gerais

  • Esse quiz foi jogado 29 vezes
  • A pontuação média é 8 de 15

Estatísticas das Respostas

Resposta% Correto
Irão
89%
Coréia do Sul
84%
Kosovo
74%
Israel
68%
Etiópia
63%
Mongólia
58%
China
53%
Estados Unidos
53%
Índia
53%
Reino Unido
53%
Polônia
47%
Itália
42%
França
37%
Nova Zelândia
21%
Armênia
5%

Distribuição das Pontuações

Percentil de Números Respondidos

Porcentagem de Pessoas com Cada Pontuação

Sua Pontuação Histórica

Você não jogou esse quiz